[Event "US Open-112"]
[Site "Orlando"]
[Date "2011.08.07"]
[Round "9"]
[White "Tyagi, Kushan"]
[Black "Gallegos, Paul"]
[Result "1-0"]
[WhiteElo "2113"]
[BlackElo "2086"]
[PlyCount "77"]
[EventDate "2011.07.30"]
[EventType "swiss"]
[EventRounds "9"]
[EventCountry "USA"]
[SourceTitle "CBM 143 Extra"]
[Source "ChessBase"]
[SourceDate "2011.08.29"]
[SourceVersion "1"]
[SourceVersionDate "2011.08.29"]
[SourceQuality "1"]

1. c4 Nf6 2. g3 g6 3. Bg2 Bg7 4. Nc3 0-0 5. Nf3 d6 6. d4 Nc6 7. 0-0 Bg4 8. Qd3 Nd7 9. e3 e5 10. d5 Ne7 11. Nd2 Nc5 12. Qc2 a5 13. b3 f5 14. f3 Bh5 15. Bb2 g5 16. a3 Na6 17. f4 gxf4 18. exf4 e4 19. Nb5 c6 20. Bxg7 Kxg7 21. Nd4 Kg8 22. Ne6 Qb6+ 23. Kh1 Rf6 24. Qc3 Rg6 25. Nxe4 Rxe6 26. dxe6 fxe4 27. Bxe4 Nc5 28. Bc2 Nxe6 29. Qf6 Qe3 30. g4 Bxg4 31. Bxh7+ Kxh7 32. Qh4+ Kg8 33. Qxg4+ Ng7 34. f5 Rf8 35. f6 Rf7 36. Rae1 Qd3 37. Rg1 Nef5 38. Re8+ Kh7 39. Qg6# 1-0

[Event "Dos Hermanas Internet qual-D 10th"]
[Site "ICC INT"]
[Date "2009.03.14"]
[Round "8"]
[White "Bancod, Robert"]
[Black "Gallegos, Paul"]
[Result "0-1"]
[WhiteElo "2171"]
[BlackElo "2097"]
[PlyCount "74"]
[EventDate "2009.03.14"]
[EventType "swiss (blitz)"]
[EventRounds "12"]
[EventCountry "ESP"]
[SourceTitle "EXT 2010"]
[Source "ChessBase"]
[SourceDate "2010.11.25"]
[SourceVersion "1"]
[SourceVersionDate "2010.11.25"]
[SourceQuality "1"]

1. d4 Nf6 2. Nc3 c5 3. e3 g6 4. b3 Bg7 5. Bb2 cxd4 6. exd4 0-0 7. Bd3 Nc6 8. Nge2 d6 9. 0-0 Bg4 10. f3 Bd7 11. Ne4 Nd5 12. Qd2 f5 13. Bc4 e6 14. Nxd6 Qh4 15. Nxb7 Bh6 16. f4 g5 17. g3 Qh5 18. Nc5 Bc8 19. Bxd5 exd5 20. c4 dxc4 21. d5 Ne7 22. Qd4 Ng6 23. fxg5 Qxg5 24. Nf4 Nxf4 25. Rxf4 Bg7 26. Qd2 cxb3 27. axb3 Bxb2 28. Qxb2 Qg7 29. Qc1 a5 30. Ne6 Bxe6 31. dxe6 Rac8 32. Qe1 Rfe8 33. Rxa5 Rc6 34. Re5 Qa7+ 35. Kg2 Rc2+ 36. Re2 Rxe6 37. Rff2 Qb7+ 0-1

[Event "Dos Hermanas Internet qual-C 10th"]
[Site "ICC INT"]
[Date "2009.03.14"]
[Round "7"]
[White "Maly, Alexey"]
[Black "Gallegos, Paul"]
[Result "1-0"]
[WhiteElo "2377"]
[BlackElo "2097"]
[PlyCount "89"]
[EventDate "2009.03.14"]
[EventType "swiss (blitz)"]
[EventRounds "12"]
[EventCountry "ESP"]
[SourceTitle "CBM 129 Extra"]
[Source "ChessBase"]
[SourceDate "2009.05.05"]
[SourceVersion "2"]
[SourceVersionDate "2009.05.20"]
[SourceQuality "1"]

1. d4 Nf6 2. c4 g6 3. Nc3 Bg7 4. e4 d6 5. Be2 0-0 6. Nf3 e5 7. 0-0 exd4 8. Nxd4 Re8 9. f3 Nc6 10. Be3 Nh5 11. Qd2 Nxd4 12. Bxd4 Nf4 13. Rad1 Qg5 14. g3 Bxd4+ 15. Qxd4 Nxe2+ 16. Nxe2 Be6 17. Nc3 Qa5 18. f4 Qc5 19. Qxc5 dxc5 20. b3 Red8 21. Kf2 c6 22. Ke3 f6 23. Rxd8+ Rxd8 24. Rd1 Rxd1 25. Nxd1 Kf7 26. Nc3 Ke7 27. h4 Kd6 28. Ne2 b5 29. Kd3 a5 30. Nc3 Bd7 31. Nd1 Be6 32. Ne3 h6 33. g4 g5 34. hxg5 hxg5 35. Nf5+ Bxf5 36. exf5 gxf4 37. Ke4 f3 38. Kxf3 Ke5 39. Ke3 a4 40. Kf3 axb3 41. axb3 bxc4 42. bxc4 Kd4 43. g5 Ke5 44. g6 Kd6 45. g7 1-0

[Event "Dos Hermanas Internet qual-C 10th"]
[Site "ICC INT"]
[Date "2009.03.14"]
[Round "2"]
[White "Rodriguez, Eric"]
[Black "Gallegos, Paul"]
[Result "1-0"]
[WhiteElo "2250"]
[BlackElo "2097"]
[PlyCount "79"]
[EventDate "2009.03.14"]
[EventType "swiss (blitz)"]
[EventRounds "12"]
[EventCountry "ESP"]
[SourceTitle "CBM 129 Extra"]
[Source "ChessBase"]
[SourceDate "2009.05.05"]
[SourceVersion "2"]
[SourceVersionDate "2009.05.20"]
[SourceQuality "1"]

1. d4 Nf6 2. c4 g6 3. Nf3 Bg7 4. g3 d6 5. Bg2 0-0 6. 0-0 Nbd7 7. Nc3 e5 8. e4 exd4 9. Nxd4 Re8 10. h3 Rb8 11. Re1 a6 12. Rb1 c5 13. Nc2 Ne5 14. b3 b5 15. f4 Nc6 16. e5 dxe5 17. Bxc6 Bd7 18. Bxd7 Nxd7 19. Nd5 bxc4 20. Nce3 c3 21. f5 e4 22. Qc2 Bd4 23. Kh2 Nf6 24. Nxc3 Nh5 25. Nxe4 Qc7 26. Nd5 Qd8 27. Nf4 Nf6 28. Nxf6+ Qxf6 29. Bd2 Red8 30. Rbd1 h5 31. Bc1 h4 32. Qg2 hxg3+ 33. Qxg3 Be5 34. Rxd8+ Rxd8 35. fxg6 fxg6 36. Kg2 g5 37. Nh5 Qf5 38. Qxg5+ Qxg5+ 39. Bxg5 Rd2+ 40. Bxd2 1-0

[Event "Dos Hermanas Internet qual-D 10th"]
[Site "ICC INT"]
[Date "2009.03.14"]
[Round "12"]
[White "Xu, Haizhou"]
[Black "Gallegos, Paul"]
[Result "1-0"]
[WhiteElo "1848"]
[BlackElo "2097"]
[PlyCount "109"]
[EventDate "2009.03.14"]
[EventType "swiss (blitz)"]
[EventRounds "12"]
[EventCountry "ESP"]
[SourceTitle "EXT 2010"]
[Source "ChessBase"]
[SourceDate "2010.11.25"]
[SourceVersion "1"]
[SourceVersionDate "2010.11.25"]
[SourceQuality "1"]

1. e4 c5 2. Nf3 d6 3. d4 cxd4 4. Nxd4 Nf6 5. Nc3 a6 6. Bg5 e6 7. f4 Be7 8. Qf3 Qc7 9. 0-0-0 Nbd7 10. g4 b5 11. Bxf6 Nxf6 12. g5 Nd7 13. f5 Bxg5+ 14. Kb1 0-0 15. fxe6 Nb6 16. Qh5 Bf6 17. exf7+ Qxf7 18. Qe2 Nc4 19. Qf2 Qa7 20. Bxc4+ bxc4 21. Rhf1 Rb8 22. Nd5 Bd7 23. Nxf6+ Rxf6 24. Qe2 Qb7 25. Qxc4+ Kh8 26. Nb3 Bb5 27. Qd4 Bxf1 28. e5 dxe5 29. Qd8+ Rf8 30. Qg5 Bc4 31. Qxe5 Bxb3 32. axb3 Rbd8 33. Re1 Qf7 34. Qc3 Rfe8 35. Rc1 Rc8 36. Qa5 Re2 37. Qxa6 Qe6 38. Qb7 Qc6 39. Qxc6 Rxc6 40. b4 g5 41. b5 Rc5 42. c4 Rxh2 43. Ka2 Rh4 44. Kb3 h5 45. Kb4 Rc8 46. b6 g4 47. Kb5 Rb8 48. c5 g3 49. c6 Rh2 50. c7 Rxb2+ 51. Kc6 Rc8 52. b7 Rxb7 53. Kxb7 Rxc7+ 54. Kxc7 h4 55. Rc4 1-0

[Event "Northern California-ch"]
[Site "San Francisco"]
[Date "2008.09.01"]
[Round "6"]
[White "Shipman, Walter"]
[Black "Gallegos, Paul"]
[Result "1-0"]
[WhiteElo "2224"]
[BlackElo "2103"]
[PlyCount "79"]
[EventDate "2008.08.30"]
[EventType "swiss"]
[EventRounds "6"]
[EventCountry "USA"]
[SourceTitle "EXT 2009"]
[Source "ChessBase"]
[SourceDate "2008.11.26"]
[SourceVersion "1"]
[SourceVersionDate "2008.11.26"]
[SourceQuality "1"]

1. d4 f5 2. Bg5 g6 3. Nc3 Nf6 4. Bxf6 exf6 5. e3 d5 6. Nge2 c6 7. Nf4 Bd6 8. Qf3 Qa5 9. Bd3 Na6 10. h3 Nb4 11. g4 Nxd3+ 12. Nxd3 Qc7 13. 0-0-0 0-0 14. gxf5 Bxf5 15. e4 dxe4 16. Nxe4 Bxe4 17. Qxe4 Rae8 18. Qf3 Qf7 19. b3 Qd5 20. Qxd5+ cxd5 21. Rhe1 Re4 22. Nc5 Rxe1 23. Rxe1 Bxc5 24. dxc5 Kf7 25. b4 g5 26. Kd2 h5 27. f3 Rg8 28. Kd3 g4 29. hxg4 hxg4 30. Rg1 g3 31. Ke2 Ke6 32. f4 Kf5 33. Kf3 Rg4 34. a3 Rxf4+ 35. Kxg3 Rg4+ 36. Kf2 Rxg1 37. Kxg1 Ke4 38. b5 Ke5 39. c3 a5 40. b6 1-0

[Event "Reno Far West op"]
[Site "Reno"]
[Date "2006.04.09"]
[Round "5"]
[White "Gallegos, Paul"]
[Black "Tate, Emory"]
[Result "1/2-1/2"]
[WhiteElo "2214"]
[BlackElo "2431"]
[PlyCount "89"]
[EventDate "2006.04.12"]
[EventType "swiss"]
[EventRounds "6"]
[EventCountry "USA"]
[SourceTitle "EXT 2009"]
[Source "ChessBase"]
[SourceDate "2008.11.26"]
[SourceVersion "1"]
[SourceVersionDate "2008.11.26"]
[SourceQuality "1"]

1. e4 c5 2. f4 e6 3. Nf3 a6 4. d4 cxd4 5. Nxd4 Qc7 6. Bd3 Bc5 7. Nb3 Ba7 8. Qe2 Nf6 9. Nc3 d6 10. Be3 Bxe3 11. Qxe3 b5 12. 0-0-0 b4 13. e5 bxc3 14. exf6 cxb2+ 15. Kxb2 gxf6 16. Be4 Ra7 17. Rxd6 Qxd6 18. Qxa7 Qxf4 19. Bd3 0-0 20. g3 Qe5+ 21. Kb1 Nc6 22. Qb6 Ne7 23. c4 Nf5 24. Rf1 Ne3 25. Rc1 f5 26. c5 Nd5 27. Qa5 Nc7 28. Re1 Qd5 29. Rd1 Qb7 30. Bc4 Nb5 31. Bxb5 Qxb5 32. Qxb5 axb5 33. c6 Re8 34. Nc5 Kf8 35. Kb2 e5 36. Kc3 f4 37. gxf4 exf4 38. Rd4 Bh3 39. Rxf4 Bg2 40. c7 Rc8 41. Kb4 Ke7 42. Kxb5 Rxc7 43. Rh4 Kd6 44. Rh6+ Kd5 45. Rh5+ 1/2-1/2

[Event "San Francisco TNM Winter op"]
[Site "San Francisco"]
[Date "2006.02.21"]
[Round "6"]
[White "Ossipov, Victor"]
[Black "Gallegos, Paul"]
[Result "0-1"]
[WhiteElo "2132"]
[BlackElo "2200"]
[PlyCount "86"]
[EventDate "2006.01.10"]
[EventType "swiss"]
[EventRounds "7"]
[EventCountry "USA"]
[SourceTitle "EXT 2007"]
[Source "ChessBase"]
[SourceDate "2006.11.23"]
[SourceVersion "1"]
[SourceVersionDate "2006.11.23"]
[SourceQuality "1"]

1. d4 Nf6 2. Nf3 g6 3. Bf4 Bg7 4. e3 d6 5. h3 0-0 6. Nbd2 b6 7. e4 c5 8. c3 Bb7 9. Bd3 cxd4 10. cxd4 Nc6 11. a3 e5 12. Be3 exd4 13. Nxd4 d5 14. Nxc6 Bxc6 15. e5 Nd7 16. 0-0 Nxe5 17. Be2 d4 18. Bf4 d3 19. Bf3 Nxf3+ 20. Nxf3 Bxb2 21. Ra2 Bg7 22. Rd2 Bb5 23. Qb3 Ba6 24. Ne5 Qf6 25. Qa4 b5 26. Qb4 Rac8 27. Nxd3 Rc4 28. Qd6 Rd8 29. Qxf6 Bxf6 30. Be3 Rc3 31. Rfd1 Kg7 32. Nb4 Rxd2 33. Rxd2 Rxa3 34. Ra2 Rxa2 35. Nxa2 Bc8 36. Bxa7 Be6 37. Nb4 Bc3 38. Bc5 Kf6 39. f3 Ke5 40. Kf2 Bd4+ 41. Bxd4+ Kxd4 42. Ke2 Kc3 43. Nc6 b4 0-1

[Event "San Francisco TNM Winter op"]
[Site "San Francisco"]
[Date "2006.01.24"]
[Round "3"]
[White "Gallegos, Paul"]
[Black "Jahedi, Salar"]
[Result "1-0"]
[WhiteElo "2200"]
[BlackElo "2014"]
[PlyCount "85"]
[EventDate "2006.01.10"]
[EventType "swiss"]
[EventRounds "7"]
[EventCountry "USA"]
[SourceTitle "EXT 2007"]
[Source "ChessBase"]
[SourceDate "2006.11.23"]
[SourceVersion "1"]
[SourceVersionDate "2006.11.23"]
[SourceQuality "1"]

1. e4 e6 2. d4 d5 3. e5 c5 4. c3 Qb6 5. Nf3 Nc6 6. Be2 cxd4 7. cxd4 Nh6 8. b3 Bb4+ 9. Kf1 Nf5 10. Bb2 0-0 11. Nc3 f6 12. g4 Nh6 13. Rg1 fxe5 14. Na4 Qd8 15. dxe5 Bd7 16. Rc1 b6 17. g5 Nf5 18. Rg4 Be7 19. Kg1 Be8 20. h4 Rc8 21. Rf4 b5 22. Nc5 Bxc5 23. Rxc5 Nfe7 24. Qc1 a6 25. Ba3 Bh5 26. Nd4 Nxd4 27. Bxh5 Rxf4 28. Qxf4 Nef5 29. Bd1 Rc6 30. Rxc6 Nxc6 31. Qc1 Nxe5 32. Qc3 Nf7 33. Qc6 e5 34. Qe6 g6 35. Bg4 Nxh4 36. Be7 Qc7 37. Bf6 Qd6 38. Qc8+ Qf8 39. Qxa6 Qb4 40. Qc8+ Qf8 41. Qc6 h5 42. Be6 Kh7 43. Qxd5 1-0

[Event "San Francisco MI"]
[Site "San Francisco"]
[Date "2004.??.??"]
[Round "6"]
[White "Gallegos, Paul"]
[Black "Wang, Drake"]
[Result "0-1"]
[WhiteElo "2136"]
[BlackElo "2000"]
[PlyCount "68"]
[EventDate "2004.07.21"]
[EventType "tourn"]
[EventRounds "11"]
[EventCountry "USA"]
[SourceTitle "EXT 2006"]
[Source "ChessBase"]
[SourceDate "2005.11.24"]
[SourceVersion "1"]
[SourceVersionDate "2005.11.24"]
[SourceQuality "1"]

1. e4 e6 2. d4 d5 3. e5 c5 4. c3 Nc6 5. Nf3 Bd7 6. Be2 Nge7 7. Na3 cxd4 8. cxd4 Nf5 9. Nc2 Nb4 10. 0-0 Nxc2 11. Qxc2 Qb6 12. Qd3 a6 13. a4 Rc8 14. b3 Bb4 15. Bb2 0-0 16. g4 Ne7 17. Ng5 Ng6 18. f4 f5 19. gxf5 Rxf5 20. Bg4 Nxe5 21. Qh3 Rxg5 22. fxg5 Rc2 23. Qe3 Nxg4 24. Qf4 Qd6 25. Qxd6 Bxd6 26. Ba3 Bxa3 27. Rxa3 Ne3 28. Rf3 Rg2+ 29. Kh1 Re2 30. Ra1 e5 31. dxe5 d4 32. Kg1 Rg2+ 33. Kh1 Bc6 34. Rc1 Bxf3 0-1

[Event "San Francisco MI"]
[Site "San Francisco"]
[Date "2004.??.??"]
[Round "11"]
[White "Siegrist, Daichi"]
[Black "Gallegos, Paul"]
[Result "0-1"]
[WhiteElo "2000"]
[BlackElo "2136"]
[PlyCount "72"]
[EventDate "2004.07.21"]
[EventType "tourn"]
[EventRounds "11"]
[EventCountry "USA"]
[SourceTitle "EXT 2006"]
[Source "ChessBase"]
[SourceDate "2005.11.24"]
[SourceVersion "1"]
[SourceVersionDate "2005.11.24"]
[SourceQuality "1"]

1. e4 e6 2. d4 d5 3. Nd2 Be7 4. e5 c5 5. c3 Nc6 6. Ndf3 Nh6 7. Bd3 cxd4 8. cxd4 Qb6 9. Ne2 Bd7 10. 0-0 0-0 11. Bxh6 gxh6 12. Qd2 f5 13. Qxh6 Rf7 14. Qd2 Rg7 15. Rad1 Be8 16. Nf4 Bf7 17. Bb1 Kh8 18. Kh1 Na5 19. b3 Ba3 20. Ne1 Bb4 21. Qe3 Rc8 22. Nc2 Bc3 23. Rd3 Bb2 24. Rdd1 Be8 25. b4 Nc4 26. Qb3 Qa6 27. Qf3 Nd2 28. Qd3 Nxf1 29. Qxa6 bxa6 30. Rxf1 Rgc7 31. Ne3 Rc1 32. Bd3 Bxd4 33. Nxe6 Bxe3 34. fxe3 Rxf1+ 35. Bxf1 Rc1 36. Kg1 Bb5 0-1

[Event "San Francisco MI"]
[Site "San Francisco"]
[Date "2004.??.??"]
[Round "5"]
[White "Traub, Igor Vladimirovich"]
[Black "Gallegos, Paul"]
[Result "0-1"]
[WhiteElo "2000"]
[BlackElo "2136"]
[PlyCount "91"]
[EventDate "2004.07.21"]
[EventType "tourn"]
[EventRounds "11"]
[EventCountry "USA"]
[SourceTitle "EXT 2006"]
[Source "ChessBase"]
[SourceDate "2005.11.24"]
[SourceVersion "1"]
[SourceVersionDate "2005.11.24"]
[SourceQuality "1"]

1. d4 Nf6 2. c4 g6 3. Nc3 Bg7 4. e4 d6 5. h4 h5 6. Bg5 c5 7. d5 Qa5 8. Qd2 0-0 9. Bd3 e6 10. Nge2 exd5 11. Bxf6 Bxf6 12. Nxd5 Qxd2+ 13. Kxd2 Bd8 14. Nec3 a6 15. f3 Nc6 16. Rag1 Ne5 17. Be2 Kg7 18. a3 Rh8 19. b4 cxb4 20. axb4 Bd7 21. Nd1 Rc8 22. N1e3 Be6 23. Rc1 Nc6 24. g3 Nd4 25. Bd1 Re8 26. Kd3 Nc6 27. f4 Bxd5 28. Nxd5 Ne7 29. Ba4 Rf8 30. Bd7 Rb8 31. Ne3 Bb6 32. g4 Rbd8 33. Ba4 Bxe3 34. Kxe3 hxg4 35. h5 Rh8 36. hxg6 Nxg6 37. c5 dxc5 38. bxc5 Rh3+ 39. Rxh3 gxh3 40. Rh1 Rh8 41. Bd7 h2 42. Bg4 Kf6 43. e5+ Ke7 44. Bf3 Rh3 45. Ke4 Rh4 46. Ke3 0-1

[Event "North American op"]
[Site "Las Vegas"]
[Date "2003.12.27"]
[Round "2"]
[White "Shabalov, Alexander"]
[Black "Gallegos, Paul"]
[Result "1-0"]
[WhiteElo "2575"]
[BlackElo "2100"]
[PlyCount "83"]
[EventDate "2003.12.26"]
[EventType "swiss"]
[EventRounds "6"]
[EventCountry "USA"]
[SourceTitle "CBM 098 Extra"]
[Source "ChessBase"]
[SourceDate "2004.03.10"]
[SourceVersion "2"]
[SourceVersionDate "2004.03.10"]
[SourceQuality "1"]

1. e4 e6 2. d4 d5 3. e5 c5 4. c3 Nc6 5. Nf3 Qb6 6. a3 c4 7. Nbd2 Na5 8. Be2 Bd7 9. 0-0 Ne7 10. g3 Ng6 11. h4 f5 12. Rb1 Be7 13. h5 Nf8 14. Qc2 Rc8 15. Re1 g5 16. b4 cxb3 17. Nxb3 Ba4 18. Nfd2 Qc7 19. Qa2 Nxb3 20. Nxb3 Nd7 21. c4 dxc4 22. Nd2 b5 23. Nf3 h6 24. d5 exd5 25. Nd4 Qa5 26. Bd2 Qb6 27. Nxf5 Bc5 28. Bf3 Rf8 29. e6 Nf6 30. Bb4 g4 31. Bg2 Nxh5 32. Re5 Bxb4 33. axb4 d4 34. Qe2 Rxf5 35. Rxf5 Nxg3 36. Qxg4 Nxf5 37. Qg8+ Ke7 38. Qf7+ Kd6 39. Qd7+ Ke5 40. Re1+ Ne3 41. Qxc8 Qxe6 42. Qc5+ 1-0

[Event "Sunnyvale LERA-ch 35th"]
[Site "Sunnyvale"]
[Date "2002.03.10"]
[Round "3"]
[White "Lieberman, Donald"]
[Black "Gallegos, Paul"]
[Result "0-1"]
[WhiteElo "1800"]
[BlackElo "2207"]
[PlyCount "42"]
[EventDate "2002.03.09"]
[EventType "swiss"]
[EventRounds "4"]
[EventCountry "USA"]
[SourceTitle "EXT 2007"]
[Source "ChessBase"]
[SourceDate "2006.11.23"]
[SourceVersion "1"]
[SourceVersionDate "2006.11.23"]
[SourceQuality "1"]

1. e4 e5 2. Nf3 f5 3. d3 Nc6 4. Bg5 Be7 5. Bxe7 Ngxe7 6. Nc3 0-0 7. Qd2 d5 8. 0-0-0 d4 9. Ne2 a5 10. c4 fxe4 11. dxe4 Bg4 12. Neg1 Qd6 13. h3 Bh5 14. g4 Bg6 15. Bd3 Rf4 16. Nh4 Bxe4 17. Bxe4 Rxe4 18. Ne2 d3 19. Nc3 Rxc4 20. Qxd3 Rd4 21. Qb1 Qh6+ 0-1

[Event "San Francisco schev"]
[Site "San Francisco"]
[Date "2002.??.??"]
[Round "?"]
[White "Grey, Peter G"]
[Black "Gallegos, Paul"]
[Result "0-1"]
[WhiteElo "2022"]
[BlackElo "2134"]
[PlyCount "68"]
[EventDate "2002.06.23"]
[EventType "schev"]
[EventRounds "10"]
[EventCountry "USA"]
[SourceTitle "EXT 2007"]
[Source "ChessBase"]
[SourceDate "2006.11.23"]
[SourceVersion "1"]
[SourceVersionDate "2006.11.23"]
[SourceQuality "1"]

1. e4 c5 2. Nf3 d6 3. d4 cxd4 4. Nxd4 Nf6 5. Nc3 Nc6 6. Bg5 Bd7 7. Qd2 Rc8 8. 0-0-0 Nxd4 9. Qxd4 Qa5 10. Bd2 a6 11. Kb1 Qc5 12. Qxc5 Rxc5 13. f3 g6 14. Be3 Rc8 15. Bd4 Bg7 16. Nd5 e5 17. Be3 Nxd5 18. Rxd5 Rc6 19. Be2 Be6 20. Rd2 Ke7 21. g4 h5 22. h4 Bf6 23. Bg5 Bxg5 24. hxg5 h4 25. f4 exf4 26. Bf3 Rc5 27. Rdh2 Rxg5 28. Rxh4 Rxh4 29. Rxh4 b6 30. b3 Kf6 31. a4 a5 32. Kb2 Ke5 33. c3 d5 34. exd5 Bxd5 0-1

[Event "Koltanowski Memorial op"]
[Site "San Francisco"]
[Date "2000.12.19"]
[Round "6"]
[White "Lakdawala, Cyrus"]
[Black "Gallegos, Paul"]
[Result "1-0"]
[WhiteElo "2434"]
[BlackElo "2092"]
[PlyCount "111"]
[EventDate "2000.12.14"]
[EventType "swiss"]
[EventRounds "9"]
[EventCountry "USA"]
[SourceTitle "CBM 079 Extra"]
[Source "ChessBase"]
[SourceDate "2001.01.11"]
[SourceVersion "2"]
[SourceVersionDate "2001.01.25"]
[SourceQuality "1"]

1. Nf3 d6 2. c4 e5 3. Nc3 f5 4. d4 e4 5. Ng5 Be7 6. Nh3 Nf6 7. Nf4 c6 8. e3 0-0 9. b4 d5 10. Qb3 Kh8 11. h4 Na6 12. b5 Nc7 13. bxc6 bxc6 14. c5 Ne6 15. Nce2 Nxf4 16. Nxf4 Qc7 17. Bd2 Bd7 18. Be2 Rfb8 19. Qa3 Qb7 20. Bc3 a5 21. g3 Ne8 22. Qc1 Nc7 23. a4 Ne6 24. Kf1 Nxf4 25. exf4 Qb3 26. Kg2 Bc8 27. Ra3 Qb7 28. Qc2 Bf6 29. Ra2 Qa7 30. Rb1 Rxb1 31. Qxb1 Ba6 32. Bxa6 Qxa6 33. Rb2 h6 34. Qf1 Qc4 35. Qxc4 dxc4 36. Rb6 Rd8 37. Rxc6 Bxd4 38. Bxa5 c3 39. Rd6 Rxd6 40. cxd6 c2 41. d7 Bf6 42. Bd2 Bd8 43. h5 Kg8 44. a5 c1Q 45. Bxc1 Bxa5 46. g4 fxg4 47. Bb2 Kf7 48. Kg3 g6 49. Kxg4 gxh5+ 50. Kxh5 Ke6 51. Kxh6 Kf5 52. Be5 Bd8 53. Kg7 Ke6 54. Bd4 Kf5 55. Kf7 Kxf4 56. Ke8 1-0

[Event "Koltanowski Memorial op"]
[Site "San Francisco"]
[Date "2000.12.15"]
[Round "2"]
[White "Casadei, Mauro"]
[Black "Gallegos, Paul"]
[Result "0-1"]
[WhiteElo "2137"]
[BlackElo "2092"]
[PlyCount "58"]
[EventDate "2000.12.14"]
[EventType "swiss"]
[EventRounds "9"]
[EventCountry "USA"]
[SourceTitle "CBM 079 Extra"]
[Source "ChessBase"]
[SourceDate "2001.01.11"]
[SourceVersion "2"]
[SourceVersionDate "2001.01.25"]
[SourceQuality "1"]

1. d4 Nf6 2. c4 c5 3. d5 b5 4. Nf3 g6 5. cxb5 a6 6. e3 Bg7 7. Nc3 d6 8. a4 0-0 9. e4 Nbd7 10. Rb1 Qb6 11. Nd2 Qb8 12. Be2 axb5 13. axb5 Nb6 14. 0-0 e6 15. dxe6 Bxe6 16. Nb3 Re8 17. Bf4 Nxe4 18. Bf3 Bxc3 19. bxc3 Nxc3 20. Qc2 Nxb1 21. Bxa8 Bf5 22. Qb2 Qxa8 23. Bh6 Re5 24. f4 Nc4 25. Qf2 Re6 26. g4 Bxg4 27. Rxb1 Re2 28. Qg3 Ne3 29. Ra1 Qd5 0-1